| 000 | 00947nam a22002777a 4500 | ||
|---|---|---|---|
| 003 | OSt | ||
| 005 | 20250616100520.0 | ||
| 008 | 250616b |||||||| |||| 00| 0 eng d | ||
| 020 | _a9781292438320 (paperback) | ||
| 024 | _cUSD 77 | ||
| 040 |
_aNUST _beng _cNUST _dNUST _erda |
||
| 050 | _aHM1033 BRA | ||
| 100 |
_aBranscombe, Nyla R. _eAuthor |
||
| 245 |
_a Social psychology / _cNyla R. Branscombe and Robert A. Baron. |
||
| 250 | _aFifteenth global edition. | ||
| 260 |
_aHarlow, England : _bPearson, _c©2023. |
||
| 300 |
_a517 pages : _bIllustrations ; _c28 cm. |
||
| 336 |
_2rdacontent _atext _btxt |
||
| 337 |
_2rdamedia _aunmediated _bn |
||
| 338 |
_2rdacarrier _avolume _bnc |
||
| 504 | _aIncludes bibliographical references and index. | ||
| 650 | _vSociology (General). | ||
| 650 | _vSocial psychology. | ||
| 700 |
_aBaron, Robert A. _eAuthor |
||
| 942 |
_2lcc _cBOOKS _eFifteenth global edition. _hHM1033 BRA _kHM _mBRA _n0 |
||
| 999 |
_c172002 _d172002 |
||